|
|
|
|
| LEADER |
00000nam a2200000 4500 |
| 001 |
vtls012065737 |
| 003 |
SK-MaSNL |
| 005 |
20260301041158.0 |
| 008 |
210817t1788 gw a r 000 0 lat |
| 015 |
|
|
|a SNBHFA1788
|
| 040 |
|
|
|a SNKHF
|b slo
|c SNK
|e rda
|
| 041 |
|
|
|a lat
|a gre
|
| 044 |
|
|
|a gw
|c DE
|
| 072 |
|
7 |
|a 93/94
|x Dejiny (všeobecne)
|2 konspekt
|
| 080 |
|
|
|a 93/94
|2 2011
|
| 100 |
0 |
|
|a Thucydides,
|d asi 471-asi 391 pred Kr
|4 aut
|9 130950
|
| 245 |
1 |
0 |
|a Thucydidis De Bello Peloponnesiaco Libri Octo
|b Graece Et Latine Ad Editionem Ios. Wasse Et Car. Andr. Dukeri Accurate Expressi Cum Varietate Lectionis Et Annotationibus
|
| 264 |
|
3 |
|a Biponti
|b Ex Typographia Societatis
|c CIƆIƆCCLXXXVIII (1788)
|
| 300 |
|
|
|a civ, 414 strán
|c 20 cm
|
| 336 |
|
|
|a text
|b txt
|2 rdacontent
|
| 337 |
|
|
|a bez média
|b n
|2 rdamedia
|
| 338 |
|
|
|a zväzok
|b nc
|2 rdacarier
|
| 500 |
|
|
|a Kustody, ilustrovaný titulný list
|
| 546 |
|
|
|a Tlač striedavo v latinčine a gréčtine
|
| 563 |
|
|
|a Väzba pôvodná kožená.
|5 SNK IC 145578/1
|
| 650 |
0 |
7 |
|a dejiny
|2 SNKPH
|9 3825
|
| 700 |
1 |
|
|a Duker, Karl Andreas,
|d 1670-1752
|4 cwt
|9 341931
|
| 710 |
2 |
|
|a Typographia Societatis (Zweibrücken, Nemecko)
|4 prt
|9 341932
|
| 752 |
|
|
|a Nemecko
|d Zweibrücken
|
| 852 |
|
|
|a snk
|b Aponiovská knižnica
|p IC 145578/1
|
| 958 |
|
|
|a DD
|
| 958 |
|
|
|a ONDV
|
| 999 |
|
|
|c 587787
|d 589717
|
| 952 |
|
|
|t Op. II/130
|a SNK
|b SNK
|c SNK_HF
|y PREZ
|7 0
|p 17A1397188
|o snkIC 145578/1
|i snk2021/10342
|8 5
|0 0
|1 0
|4 0
|d 2021-08-17
|l 0
|r 2026-02-23 15:14:36
|w 2026-02-23
|